1128 1314 1001 1203 1495 1562 1030 1664 1121 1811 1089 1316 1997 1772 1361 1461 1421 1355 1734 1563 1919 1291 1617 1614 1068 1158 1527 1265 1173 1621 1285 1023 1857 1128 1938 1819 1816 1805 1064 1171 1843 1290 1804 1893 1592 1512 1596 1583 1914 1041 1403 1707 1970 1652 1930 1166 1153 1141 1012 1934 1548 1480 1981 1595 1775 1745 1497 1396 1962 1501 1871 1663 1124 1981 1840 1741 1360 1531 1284 1234 1763 1236 1429 1727 1680 1282 1895 1575 1750 1156 1470 1977 1118 1170 1634 1461 1383 1657 1329 BCNSPRNW ULIB Ver.6.0+V

เปลี่ยนเป็นภาษาไทย

Change to English
 แสดงรายละเอียดบรรณานุกรม
  กลับหน้าหลัก

Brief Record : Get Marc (ISO 2709) : E-mail record : QR code < ปิดหน้าต่าง
LEADER : 00000nam 2200000uu 4500
001    13399110204
003     ULIB
008    110425s2550||||th 000 0 tha d
020    9789742965259
060  4 WM55^bส945ค 2550
110 1  กระทรวงสาธารณสุข,^bกรมสุขภาพจิต
245 00 คู่มือสำหรับวิทยากรหลักสูตรบูรณาการ การดูแลจิตใจในภาวะวิกฤต(พื้นฐาน)^cเสาวลักษณ์ สุวรรณไมตรี, อุษา ลิ่มซิ้ว และชาดา ประจง,บรรณาธิการ
260    กรุงเทพฯ:^bโรงพิมพ์ชุมนุมสหกรณ์การเกษตรแห่งประเทศไทย,2550
300    180 หน้า
650  7 การดูแลจิตใจ
650  7 ภาวะวิกฤต
650  7 การให้คำปรึกษา
945    ^p0^l0^i030013
945    ^p0^l0^i030011
945    ^p0^l0^i030012
945    ^p0^l0^i030010
995    เกษร
999    ^aใช้งานได้ทุกระบบ
รายการนี้ยังไม่มีแท็ก
คุณยังไม่ได้ล็อกอิน คุณสามารถมีกิจกรรมร่วมกับเว็บไซต์ได้ แต่ต้องล็อกอินก่อน ::
  ล็อกอิน

รายการสื่อสารสนเทศ

ลำดับที่ ประเภท เลขเรียก/บาร์โค้ด สถานที่ สถานะ
1. วิทยาศาสตร์การแพทย์ และสุขภาพ
วิทยาศาสตร์การแพทย์ และสุขภาพ
WM55 ส945ค 2550 ฉ.2 
  Barcode: 030011
ห้องสมุดวิทยาเขตนครสวรรค์
►ส่วนจัดเก็บหนังสือเก่า นว.
บนชั้น
  ขอยืม

รายการใกล้เคียง
    หัวเรื่อง [การดูแลจิตใจ]
    หัวเรื่อง [ภาวะวิกฤต]
    หัวเรื่อง [การให้คำปรึกษา]

BibComment


ยังไม่เคยถูกคอมเมนท์

คอมเมนท์ทรัพยากรรายการนี้
  คอมเมนท์: คู่มือสำหรับวิทยา..


 Copyright 2026. Bcnsprnw @Library